[Event "Wch Seniors 50 26th"]
[Site "Marianske Lazne"]
[Date "2016.11.24"]
[Round "6"]
[White "Kilicaslan, Hasan"]
[Black "Kalegin, Evgenij"]
[Result "1/2-1/2"]
[WhiteElo "2225"]
[BlackElo "2420"]
[PlyCount "54"]
[EventDate "2016.11.19"]
[EventType "swiss"]
[EventRounds "11"]
[EventCountry "CZE"]
[SourceTitle "CBM 175 Extra"]
[Source "ChessBase"]
[SourceDate "2016.12.12"]
[SourceVersion "1"]
[SourceVersionDate "2016.12.12"]
[SourceQuality "1"]

1. d4 Nf6 2. Nf3 g6 3. Bg5 Bg7 4. Nbd2 0-0 5. c3 d6 6. e4 h6 7. Bh4 Nc6 8. Be2 e5 9. dxe5 Nxe5 10. 0-0 Nxf3+ 11. Bxf3 Qe7 12. h3 Rb8 13. Re1 b5 14. a3 Bb7 15. Qb3 a6 16. Qb4 Rfe8 17. Qa5 c5 18. a4 bxa4 19. Qxa4 Qc7 20. e5 Rxe5 21. Rxe5 dxe5 22. Bxf6 Bxf6 23. Bxb7 Qxb7 24. Qxa6 Qxa6 25. Rxa6 Rxb2 26. Rxf6 Rxd2 27. Rc6 e4 1/2-1/2

[Event "TUR-chT"]
[Site "Konya"]
[Date "2011.07.04"]
[Round "8"]
[White "Sanikidze, Tornike"]
[Black "Kilicaslan, Hasan"]
[Result "1/2-1/2"]
[WhiteElo "2524"]
[BlackElo "2250"]
[PlyCount "115"]
[EventDate "2011.06.28"]
[EventType "team-swiss"]
[EventRounds "13"]
[EventCountry "TUR"]
[SourceTitle "CBM 143 Extra"]
[Source "ChessBase"]
[SourceDate "2011.08.29"]
[SourceVersion "1"]
[SourceVersionDate "2011.08.29"]
[SourceQuality "1"]
[WhiteTeam "Yesilkoy"]
[BlackTeam "Turk Hava Yollari"]
[WhiteTeamCountry "TUR"]
[BlackTeamCountry "TUR"]

1. e4 e5 2. Nf3 Nc6 3. Bb5 a6 4. Ba4 Nf6 5. Qe2 Be7 6. c3 b5 7. Bb3 d6 8. d3 0-0 9. 0-0 Na5 10. Bc2 c5 11. Rd1 Qc7 12. Nbd2 Nc6 13. Nf1 Be6 14. h3 d5 15. Ng5 dxe4 16. Nxe6 exd3 17. Rxd3 fxe6 18. Nd2 c4 19. Rf3 g6 20. Ne4 Nd5 21. Rxf8+ Rxf8 22. Qg4 Qd7 23. Bh6 Rf5 24. Ng3 Bc5 25. Bxf5 exf5 26. Qg5 Nf4 27. Qh4 Nd3 28. Be3 Be7 29. Bg5 Bc5 30. Rf1 Nxb2 31. Bf6 Nd3 32. Ne2 Ne7 33. a4 Nd5 34. Bg5 e4 35. axb5 axb5 36. Bd2 Nxf2 37. Nd4 Nd3 38. Ra1 Bxd4+ 39. cxd4 e3 40. Qh6 Qb7 41. Bxe3 Nxe3 42. Qxe3 Qe4 43. Ra8+ Kf7 44. Ra7+ Ke6 45. d5+ Kxd5 46. Rd7+ Kc6 47. Qa7 Qe1+ 48. Kh2 Qe5+ 49. Kh1 Nf2+ 50. Kg1 Qe1+ 51. Kh2 Qh1+ 52. Kg3 Ne4+ 53. Kf4 Qh2+ 54. Ke3 Qg1+ 55. Ke2 Qxg2+ 56. Kd1 Qf1+ 57. Kc2 Qe2+ 58. Kc1 1/2-1/2

[Event "TUR-chT"]
[Site "Konya"]
[Date "2011.06.28"]
[Round "1"]
[White "Kilicaslan, Hasan"]
[Black "Keler, Faruk"]
[Result "1-0"]
[WhiteElo "2250"]
[BlackElo "2231"]
[PlyCount "75"]
[EventDate "2011.06.28"]
[EventType "team-swiss"]
[EventRounds "13"]
[EventCountry "TUR"]
[SourceTitle "CBM 143 Extra"]
[Source "ChessBase"]
[SourceDate "2011.08.29"]
[SourceVersion "1"]
[SourceVersionDate "2011.08.29"]
[SourceQuality "1"]
[WhiteTeam "Turk Hava Yollari"]
[BlackTeam "Deniz Genclik"]
[WhiteTeamCountry "TUR"]
[BlackTeamCountry "TUR"]

1. Nf3 Nf6 2. d4 d5 3. Bg5 Ne4 4. Bf4 Bf5 5. Nbd2 e6 6. e3 Bd6 7. Nxe4 Bxe4 8. Bxd6 cxd6 9. Nd2 Qb6 10. Nxe4 dxe4 11. Rb1 0-0 12. c3 Nc6 13. Be2 Qc7 14. 0-0 Ne7 15. f3 f5 16. fxe4 fxe4 17. Bg4 Rxf1+ 18. Qxf1 Qd7 19. Qf4 d5 20. Qe5 Nf5 21. c4 g6 22. Bxf5 exf5 23. Rc1 Rc8 24. b3 Kf7 25. h4 Kg8 26. h5 gxh5 27. Rf1 Re8 28. Qxf5 Qxf5 29. Rxf5 dxc4 30. bxc4 Rd8 31. c5 h4 32. Rf4 b6 33. cxb6 axb6 34. Rxe4 h3 35. gxh3 Rc8 36. Kg2 Rc2+ 37. Kf3 Rxa2 38. Re7 1-0

[Event "Istanbul op 9th"]
[Site "Istanbul"]
[Date "2010.08.25"]
[Round "6"]
[White "Yuksel, Atilla Koksal"]
[Black "Kilicaslan, Hasan"]
[Result "0-1"]
[WhiteElo "1975"]
[BlackElo "2245"]
[PlyCount "66"]
[EventDate "2010.08.21"]
[EventType "swiss"]
[EventRounds "9"]
[EventCountry "TUR"]
[SourceTitle "CBM 138 Extra"]
[Source "ChessBase"]
[SourceDate "2010.10.29"]
[SourceVersion "1"]
[SourceVersionDate "2010.10.29"]
[SourceQuality "1"]

1. e4 g6 2. d4 Bg7 3. Nc3 d6 4. h3 c6 5. a4 Nf6 6. Nf3 0-0 7. Be2 a5 8. 0-0 Na6 9. e5 Nd5 10. Nxd5 cxd5 11. c3 dxe5 12. Nxe5 f6 13. Nf3 e5 14. dxe5 fxe5 15. Be3 e4 16. Nd4 Nc5 17. Nf5 gxf5 18. Bxc5 Rf6 19. Bd4 Rg6 20. Bxg7 Rxg7 21. Qd2 Be6 22. Qf4 Qf6 23. Rfd1 Kh8 24. Rd4 Rag8 25. g3 Bf7 26. Kh2 Re8 27. Bb5 Rd8 28. Rad1 h5 29. c4 h4 30. Qxh4+ Qxh4 31. gxh4 Rdg8 32. cxd5 Bh5 33. Bf1 Bf3 0-1

[Event "Istanbul op 8th"]
[Site "Istanbul"]
[Date "2009.09.02"]
[Round "4"]
[White "Shanava, Konstantine"]
[Black "Kilicaslan, Hasan"]
[Result "1-0"]
[WhiteElo "2506"]
[BlackElo "2263"]
[PlyCount "97"]
[EventDate "2009.08.31"]
[EventType "swiss"]
[EventRounds "9"]
[EventCountry "TUR"]
[SourceTitle "CBM 132 Extra"]
[Source "ChessBase"]
[SourceDate "2009.11.03"]
[SourceVersion "1"]
[SourceVersionDate "2009.11.03"]
[SourceQuality "1"]

1. e4 e5 2. Nf3 Nc6 3. Bc4 Nf6 4. d3 Be7 5. 0-0 0-0 6. Bb3 d6 7. c3 Bg4 8. Nbd2 Nd7 9. h3 Bh5 10. Bc2 Nc5 11. g4 Bg6 12. d4 Nd7 13. d5 Ncb8 14. Re1 c6 15. c4 a5 16. Nf1 cxd5 17. cxd5 Na6 18. Ng3 b5 19. Kg2 Rc8 20. Be3 Nb6 21. h4 h6 22. Bb1 Nc4 23. Bc1 Nc5 24. b3 Nb6 25. Be3 Nbd7 26. Rh1 b4 27. Bc2 Nf6 28. Nd2 Qd7 29. f3 h5 30. g5 Nh7 31. Nc4 Qd8 32. Nf5 f6 33. gxf6 Rxf6 34. Qd2 Bxf5 35. exf5 Rf7 36. Rag1 Bf6 37. Kf1 a4 38. Rh2 Kh8 39. Rhg2 axb3 40. axb3 Ra7 41. Bxc5 Rxc5 42. Be4 Qc7 43. Qc2 Raa5 44. Rd2 Qa7 45. Kg2 Bxh4 46. Kh1 Qe7 47. Rh2 Rxd5 48. Nxa5 Rxa5 49. f6 1-0

[Event "TUR-ch"]
[Site "Ankara"]
[Date "2008.04.03"]
[Round "12"]
[White "Atalik, Suat"]
[Black "Kilicaslan, Hasan"]
[Result "1-0"]
[WhiteElo "2597"]
[BlackElo "2264"]
[PlyCount "137"]
[EventDate "2008.03.23"]
[EventType "tourn"]
[EventRounds "13"]
[EventCountry "TUR"]
[EventCategory "3"]
[SourceTitle "CBM 123 Extra"]
[Source "ChessBase"]
[SourceDate "2008.05.06"]
[SourceVersion "1"]
[SourceVersionDate "2008.05.06"]
[SourceQuality "1"]

1. c4 Nf6 2. Nc3 g6 3. e4 d6 4. d4 Bg7 5. Be2 0-0 6. Bg5 c5 7. d5 e6 8. Qd2 exd5 9. exd5 Re8 10. Nf3 Bg4 11. 0-0 a6 12. h3 Bxf3 13. Bxf3 Nbd7 14. a4 Qa5 15. Qc2 h6 16. Bd2 Qc7 17. Rae1 Rxe1 18. Rxe1 Re8 19. Bd1 Rxe1+ 20. Bxe1 Qd8 21. Qe2 Kf8 22. g3 Qe7 23. Qxe7+ Kxe7 24. a5 Ne5 25. Be2 Ne8 26. f4 Nd7 27. Kg2 Bd4 28. Kf3 f5 29. Bd3 Ng7 30. b3 h5 31. Ne2 Bf6 32. Bc2 Kf7 33. Bd2 Bb2 34. Nc3 Ne8 35. Ke2 Nef6 36. Nd1 Bd4 37. Ne3 h4 38. gxh4 Bxe3 39. Kxe3 Nh5 40. Bd1 Ke7 41. Bf3 Kd8 42. b4 Kc7 43. Bd1 cxb4 44. Bxb4 Nc5 45. Kd4 Nd7 46. Ke3 Nc5 47. Bc3 Kc8 48. Bd2 Kc7 49. Kd4 Nd7 50. Ba4 Nhf6 51. Bb4 Nh5 52. Ke3 Nhf6 53. Bc3 Nh5 54. Bb2 Kc8 55. Ba3 Kc7 56. Bxd7 Kxd7 57. c5 Nf6 58. Kd4 Kd8 59. Bb4 Kc8 60. Kc4 Kc7 61. cxd6+ Kc8 62. d7+ Kxd7 63. Kd4 Ne4 64. Ke5 Ng3 65. Kf6 Nh5+ 66. Kg5 Kc7 67. d6+ Kd7 68. Kxg6 Nxf4+ 69. Kxf5 1-0

[Event "TUR-ch"]
[Site "Ankara"]
[Date "2008.03.23"]
[Round "1"]
[White "Duman, Aydin"]
[Black "Kilicaslan, Hasan"]
[Result "0-1"]
[WhiteElo "2231"]
[BlackElo "2264"]
[PlyCount "56"]
[EventDate "2008.03.23"]
[EventType "tourn"]
[EventRounds "13"]
[EventCountry "TUR"]
[EventCategory "3"]
[SourceTitle "CBM 123 Extra"]
[Source "ChessBase"]
[SourceDate "2008.05.06"]
[SourceVersion "1"]
[SourceVersionDate "2008.05.06"]
[SourceQuality "1"]

1. e4 e5 2. Nf3 Nc6 3. Bc4 Nf6 4. Ng5 d5 5. exd5 Na5 6. Bb5+ c6 7. dxc6 bxc6 8. Be2 h6 9. Nf3 e4 10. Ne5 Bd6 11. d4 Qc7 12. f4 exf3 13. Bxf3 Ba6 14. Kf2 0-0 15. Re1 Nc4 16. Nxc4 Bxc4 17. g3 Rfe8 18. Rxe8+ Rxe8 19. Nc3 Qd7 20. Kg2 Bb4 21. Bf4 Bxc3 22. bxc3 Nd5 23. Bd2 Qf5 24. Rb1 Ne3+ 25. Bxe3 Rxe3 26. Rb8+ Kh7 27. Rd8 Rxc3 28. Re8 Rxf3 0-1

[Event "TUR-ch op"]
[Site "Antalya"]
[Date "2008.02.08"]
[Round "8.10"]
[White "Kilicaslan, Hasan"]
[Black "Narman, Gokhan"]
[Result "1-0"]
[WhiteElo "2264"]
[BlackElo "2093"]
[PlyCount "113"]
[EventDate "2008.02.04"]
[EventType "swiss"]
[EventRounds "11"]
[EventCountry "TUR"]
[SourceTitle "CBM 122 Extra"]
[Source "ChessBase"]
[SourceDate "2008.03.04"]
[SourceVersion "1"]
[SourceVersionDate "2008.03.04"]
[SourceQuality "1"]

1. d4 e6 2. g3 d5 3. Bg2 f5 4. Nh3 Nf6 5. Nf4 Bd6 6. c4 c6 7. Nc3 Qe7 8. cxd5 exd5 9. Qb3 0-0 10. Nd3 Kh8 11. Bf4 Ne4 12. Bxd6 Qxd6 13. f4 Nd7 14. Ne5 Nxe5 15. dxe5 Qc5 16. Nxe4 fxe4 17. e3 Qa5+ 18. Qc3 Qxc3+ 19. bxc3 b5 20. Kd2 Bd7 21. Rhb1 Rfb8 22. h4 Kg8 23. Bf1 a5 24. a3 g6 25. Be2 h5 26. Rb2 a4 27. Rab1 Re8 28. Rg1 Kf7 29. Rbb1 Rh8 30. g4 hxg4 31. Bxg4 Be8 32. h5 gxh5 33. Bh3 c5 34. Rg5 Rh6 35. Rbg1 Ke7 36. Rg7+ Bf7 37. f5 b4 38. f6+ Kf8 39. e6 Rxf6 40. exf7 bxc3+ 41. Kxc3 Rd8 42. Rg8+ Ke7 43. Rxd8 Kxd8 44. Rg8+ Ke7 45. Be6 d4+ 46. Kd2 Kxe6 47. f8Q Rxf8 48. Rxf8 Kd5 49. Rf5+ Kc4 50. Rxh5 Kb3 51. Rxc5 dxe3+ 52. Kxe3 Kxa3 53. Rb5 Ka2 54. Kxe4 a3 55. Kd3 Ka1 56. Kc2 a2 57. Kb3 1-0

[Event "TUR-ch op"]
[Site "Antalya"]
[Date "2008.02.07"]
[Round "7.10"]
[White "Ersahin, Bulent"]
[Black "Kilicaslan, Hasan"]
[Result "1/2-1/2"]
[WhiteElo "2132"]
[BlackElo "2264"]
[PlyCount "120"]
[EventDate "2008.02.04"]
[EventType "swiss"]
[EventRounds "11"]
[EventCountry "TUR"]
[SourceTitle "CBM 122 Extra"]
[Source "ChessBase"]
[SourceDate "2008.03.04"]
[SourceVersion "1"]
[SourceVersionDate "2008.03.04"]
[SourceQuality "1"]

1. d4 Nf6 2. c4 g6 3. Nc3 Bg7 4. e4 d6 5. Nf3 0-0 6. Be2 Bg4 7. Be3 Nfd7 8. Qd2 c5 9. d5 Na6 10. Bh6 Nc7 11. h4 Bxf3 12. Bxf3 Bxh6 13. Qxh6 f6 14. 0-0-0 b5 15. cxb5 a6 16. h5 g5 17. Bg4 axb5 18. f4 b4 19. Ne2 Kh8 20. e5 Rg8 21. exd6 exd6 22. Bxd7 Qxd7 23. Qxf6+ Qg7 24. Qxg7+ Rxg7 25. Kb1 Re8 26. h6 Rf7 27. Rd2 gxf4 28. Rf1 Ref8 29. Rf3 Rf5 30. a3 bxa3 31. Rxa3 Rxd5 32. Rxd5 Nxd5 33. Rd3 Rf5 34. Ra3 Kg8 35. Ra7 Rf6 36. Rg7+ Kh8 37. Rg4 Rxh6 38. Nxf4 Rh1+ 39. Ka2 h5 40. Ng6+ Kg7 41. Rg3 Kf6 42. Nf8 Ke7 43. Nh7 Kd7 44. Rg6 Rg1 45. Rg5 Kc6 46. Rxh5 Rxg2 47. Rg5 Rh2 48. Nf8 Nb4+ 49. Kb3 Rh3+ 50. Ka4 Nd5 51. Ne6 Nb6+ 52. Ka5 Rh8 53. Nxc5 Ra8+ 54. Na6 Nc4+ 55. Kb4 Nd2 56. Ka5 Ne4 57. Rb5 Nc5 58. Rb6+ Kd5 59. b4 Nb3+ 60. Ka4 Ke5 1/2-1/2

[Event "TUR-ch op"]
[Site "Antalya"]
[Date "2008.02.06"]
[Round "6.13"]
[White "Kilicaslan, Hasan"]
[Black "Gozubuyukoglu, Selami"]
[Result "1-0"]
[WhiteElo "2264"]
[BlackElo "1960"]
[PlyCount "65"]
[EventDate "2008.02.04"]
[EventType "swiss"]
[EventRounds "11"]
[EventCountry "TUR"]
[SourceTitle "CBM 122 Extra"]
[Source "ChessBase"]
[SourceDate "2008.03.04"]
[SourceVersion "1"]
[SourceVersionDate "2008.03.04"]
[SourceQuality "1"]

1. d4 Nf6 2. Nf3 g6 3. Bg5 Bg7 4. Nbd2 h6 5. Bh4 d6 6. e3 0-0 7. Bc4 c6 8. 0-0 Bf5 9. Bg3 Ne4 10. Nxe4 Bxe4 11. c3 Bf5 12. Re1 Bd7 13. e4 b5 14. Bb3 a5 15. a3 Na6 16. Nh4 Kh8 17. f4 e6 18. e5 dxe5 19. fxe5 Nc7 20. Bc2 Nd5 21. Qd3 Be8 22. Nf3 Rg8 23. h4 Ne7 24. Bf2 Bf8 25. Nd2 Nf5 26. Ne4 Be7 27. Qh3 Bd7 28. g4 Nxh4 29. Nf6 Bxf6 30. exf6 g5 31. Bxh4 gxh4 32. Qxh4 Rg6 33. Bxg6 1-0

[Event "TUR-ch"]
[Site "Ankara"]
[Date "2007.03.13"]
[Round "13"]
[White "Kilicaslan, Hasan"]
[Black "Can, Emre"]
[Result "1/2-1/2"]
[WhiteElo "2260"]
[BlackElo "2409"]
[PlyCount "23"]
[EventDate "2007.03.01"]
[EventType "tourn"]
[EventRounds "13"]
[EventCountry "TUR"]
[EventCategory "3"]
[SourceTitle "CBM 117 Extra"]
[Source "ChessBase"]
[SourceDate "2007.05.09"]
[SourceVersion "1"]
[SourceVersionDate "2007.05.09"]
[SourceQuality "1"]

1. d4 Nf6 2. Nf3 g6 3. Bg5 Bg7 4. Nbd2 0-0 5. e3 d6 6. Bc4 h6 7. Bh4 Nbd7 8. 0-0 c6 9. c3 e5 10. dxe5 dxe5 11. Ne4 Qc7 12. Qd6 1/2-1/2

[Event "TUR-ch"]
[Site "Ankara"]
[Date "2007.03.08"]
[Round "8"]
[White "Kilicaslan, Hasan"]
[Black "Yildiz Kadioglu, Betul Cemre"]
[Result "1/2-1/2"]
[WhiteElo "2260"]
[BlackElo "2194"]
[PlyCount "25"]
[EventDate "2007.03.01"]
[EventType "tourn"]
[EventRounds "13"]
[EventCountry "TUR"]
[EventCategory "3"]
[SourceTitle "CBM 117 Extra"]
[Source "ChessBase"]
[SourceDate "2007.05.09"]
[SourceVersion "1"]
[SourceVersionDate "2007.05.09"]
[SourceQuality "1"]

1. d4 d5 2. Nf3 Nf6 3. c4 c6 4. Nc3 e6 5. Bg5 h6 6. Bxf6 Qxf6 7. e3 Nd7 8. Bd3 dxc4 9. Bxc4 g6 10. 0-0 Bg7 11. b4 0-0 12. Rc1 Qe7 13. Qb3 1/2-1/2

[Event "Istanbul op 5th"]
[Site "Istanbul"]
[Date "2006.09.01"]
[Round "3"]
[White "Neverov, Valeriy"]
[Black "Kilicaslan, Hasan"]
[Result "1-0"]
[WhiteElo "2556"]
[BlackElo "2265"]
[PlyCount "67"]
[EventDate "2006.08.30"]
[EventType "swiss"]
[EventRounds "9"]
[EventCountry "TUR"]
[SourceTitle "EXT 2007"]
[Source "ChessBase"]
[SourceDate "2006.11.23"]
[SourceVersion "1"]
[SourceVersionDate "2006.11.23"]
[SourceQuality "1"]

1. d4 Nf6 2. c4 g6 3. Nc3 Bg7 4. e4 d6 5. Nge2 a6 6. Ng3 h5 7. Be2 Nc6 8. d5 h4 9. Nf1 h3 10. g3 Ne5 11. f4 Ned7 12. Be3 e5 13. dxe6 fxe6 14. Qc2 e5 15. 0-0-0 b6 16. f5 Bb7 17. Rg1 Nh5 18. g4 Nf4 19. g5 Rh4 20. f6 Bf8 21. Rg4 Rxg4 22. Bxg4 Kf7 23. Qf2 Nxf6 24. gxf6 Qxf6 25. Nd5 Bxd5 26. cxd5 Bh6 27. Kb1 Bg5 28. Qc2 Qe7 29. Rc1 Ra7 30. Qc6 Kg7 31. Rc3 Qf7 32. Nd2 Bd8 33. a3 Ng2 34. Be6 1-0

[Event "TUR-ch"]
[Site "Istanbul"]
[Date "2006.03.23"]
[Round "13"]
[White "Atalik, Suat"]
[Black "Kilicaslan, Hasan"]
[Result "1-0"]
[WhiteElo "2618"]
[BlackElo "2281"]
[PlyCount "71"]
[EventDate "2006.03.11"]
[EventType "tourn"]
[EventRounds "13"]
[EventCountry "TUR"]
[EventCategory "4"]
[SourceTitle "CBM 111 Extra"]
[Source "ChessBase"]
[SourceDate "2006.05.09"]
[SourceVersion "1"]
[SourceVersionDate "2006.05.09"]
[SourceQuality "1"]

1. d4 Nf6 2. c4 g6 3. Nc3 Bg7 4. e4 d6 5. Nf3 0-0 6. Be2 e5 7. 0-0 exd4 8. Nxd4 Re8 9. f3 Nc6 10. Be3 Nh5 11. Qd2 Nf4 12. Rfd1 Nxe2+ 13. Ncxe2 Be6 14. b3 Qd7 15. Nf4 a6 16. Rac1 Rad8 17. Nxc6 bxc6 18. Bd4 Bxd4+ 19. Qxd4 Qe7 20. c5 Bc8 21. cxd6 Rxd6 22. Qc3 Red8 23. Rxd6 Qxd6 24. e5 Qe7 25. Ne2 Bf5 26. Ng3 Qg5 27. Qe1 h5 28. Nxf5 Qxf5 29. Rxc6 Qd7 30. Rc4 Qe6 31. h4 Rd5 32. Re4 Qd7 33. Kh2 Rd1 34. Qe2 Rd2 35. Qxa6 Rc2 36. e6 1-0

[Event "TUR-ch"]
[Site "Istanbul"]
[Date "2006.03.17"]
[Round "7"]
[White "Kilicaslan, Hasan"]
[Black "Erdogdu, Mert"]
[Result "1/2-1/2"]
[WhiteElo "2281"]
[BlackElo "2345"]
[PlyCount "142"]
[EventDate "2006.03.11"]
[EventType "tourn"]
[EventRounds "13"]
[EventCountry "TUR"]
[EventCategory "4"]
[SourceTitle "CBM 111 Extra"]
[Source "ChessBase"]
[SourceDate "2006.05.09"]
[SourceVersion "1"]
[SourceVersionDate "2006.05.09"]
[SourceQuality "1"]

1. d4 Nf6 2. Nf3 g6 3. Bf4 Bg7 4. e3 0-0 5. Nbd2 d6 6. h3 b6 7. Bc4 Bb7 8. 0-0 c5 9. c3 Nbd7 10. a4 Re8 11. a5 e5 12. dxe5 Nxe5 13. Bxe5 dxe5 14. Qb3 Re7 15. Ng5 Bd5 16. axb6 h6 17. Bxd5 Nxd5 18. Ngf3 Nxb6 19. e4 Rb8 20. Rfd1 Qc8 21. Ra5 Qc6 22. Rda1 Rbb7 23. Nc4 Rec7 24. Nxb6 axb6 25. Ra8+ Kh7 26. Qc4 b5 27. Qe2 c4 28. h4 Rd7 29. h5 Rb6 30. hxg6+ fxg6 31. Nh2 Qe6 32. Ng4 Rbd6 33. Qf3 Rf7 34. Qg3 Rd2 35. R1a6 Rd6 36. R6a7 Rd1+ 37. Kh2 Rfd7 38. Rxd7 Rxd7 39. Ne3 Qc6 40. Rb8 Qxe4 41. Rxb5 h5 42. Qf3 Qh4+ 43. Kg1 Ra7 44. Rb7 Ra1+ 45. Nf1 Qf4 46. Qxf4 exf4 47. Rb4 Rb1 48. Rxc4 Rxb2 49. Rxf4 Bxc3 50. g3 Bb4 51. Rf7+ Kg8 52. Rb7 Bc3 53. Rd7 Be1 54. f3 Ba5 55. Rd3 Bb6+ 56. Kh1 Kf7 57. Rd2 Rb1 58. Kg2 Ke6 59. Re2+ Kf6 60. Nd2 Rg1+ 61. Kh2 Rd1 62. Ne4+ Kf5 63. Rb2 Be3 64. Rb3 Re1 65. Rb7 g5 66. Rb5+ Kg6 67. Rd5 g4 68. fxg4 hxg4 69. Nd6 Rb1 70. Nf5 Bg5 71. Nh4+ Bxh4 1/2-1/2

[Event "TUR-ch"]
[Site "Istanbul"]
[Date "2006.03.15"]
[Round "5"]
[White "Kilicaslan, Hasan"]
[Black "Can, Emre"]
[Result "1/2-1/2"]
[WhiteElo "2281"]
[BlackElo "2281"]
[PlyCount "61"]
[EventDate "2006.03.11"]
[EventType "tourn"]
[EventRounds "13"]
[EventCountry "TUR"]
[EventCategory "4"]
[SourceTitle "CBM 111 Extra"]
[Source "ChessBase"]
[SourceDate "2006.05.09"]
[SourceVersion "1"]
[SourceVersionDate "2006.05.09"]
[SourceQuality "1"]

1. d4 Nf6 2. Nf3 d5 3. c4 e6 4. Nc3 Bb4 5. Bg5 h6 6. Bxf6 Qxf6 7. e3 0-0 8. Qb3 c5 9. a3 Bxc3+ 10. bxc3 cxd4 11. cxd4 dxc4 12. Bxc4 Nc6 13. Qb2 b6 14. 0-0 Bb7 15. Rac1 Rac8 16. Qe2 Qe7 17. Ba6 Na5 18. Bxb7 Qxb7 19. Ne5 Rxc1 20. Rxc1 Rc8 21. Rxc8+ Qxc8 22. h4 Qc1+ 23. Kh2 f6 24. Ng6 Qxa3 25. Qb5 Qd6+ 26. f4 Kf7 27. Qh5 Kg8 28. Qb5 Kf7 29. Qh5 Kg8 30. Qb5 Kf7 31. Qh5 1/2-1/2

[Event "EU-chT (Men) 14th"]
[Site "Plovdiv"]
[Date "2003.10.15"]
[Round "5.4"]
[White "Kilicaslan, Hasan"]
[Black "Bistric, Faruk"]
[Result "0-1"]
[WhiteElo "2314"]
[BlackElo "2503"]
[PlyCount "48"]
[EventDate "2003.10.10"]
[EventType "team-swiss"]
[EventRounds "9"]
[EventCountry "BUL"]
[SourceTitle "CBM 098"]
[Source "ChessBase"]
[SourceDate "2004.02.03"]
[SourceVersion "1"]
[SourceVersionDate "2004.02.03"]
[SourceQuality "1"]
[WhiteTeam "Turkey"]
[BlackTeam "Bosnia&Herzegovina"]
[WhiteTeamCountry "TUR"]
[BlackTeamCountry "BIH"]

1. d4 Nf6 2. Nf3 c5 3. e3 g6 4. c3 b6 5. Nbd2 Bg7 6. a4 Nc6 7. Bc4 0-0 8. 0-0 Bb7 9. Qe2 d5 10. Bb5 Qc7 11. h3 Nd7 12. Rd1 a6 13. Bd3 e5 14. e4 dxe4 15. Nxe4 exd4 16. cxd4 Nxd4 17. Nxd4 Bxd4 18. Bh6 Rfe8 19. Qf3 Bd5 20. Re1 Re6 21. Re2 Bg7 22. Bxg7 Kxg7 23. Rae1 Rae8 24. Bc2 f6 0-1

[Event "EU-ch 4th"]
[Site "Istanbul"]
[Date "2003.06.12"]
[Round "12"]
[White "Jenni, Florian"]
[Black "Kilicaslan, Hasan"]
[Result "1-0"]
[WhiteElo "2516"]
[BlackElo "2260"]
[PlyCount "97"]
[EventDate "2003.05.30"]
[EventType "swiss"]
[EventRounds "13"]
[EventCountry "TUR"]
[SourceTitle "CBM 096"]
[Source "ChessBase"]
[SourceDate "2003.09.25"]
[SourceVersion "1"]
[SourceVersionDate "2003.09.25"]
[SourceQuality "1"]

1. e4 d6 2. d4 Nf6 3. Nc3 g6 4. Be3 c6 5. h3 Qa5 6. Qd2 Bg7 7. f4 0-0 8. Nf3 b5 9. Bd3 b4 10. Ne2 c5 11. dxc5 Bb7 12. cxd6 Nxe4 13. Bxe4 Bxe4 14. 0-0 exd6 15. Bd4 Nc6 16. Bxg7 Kxg7 17. Ng5 Bf5 18. Rf2 Rae8 19. Ng3 h6 20. Nf3 Qc5 21. Rd1 Rc8 22. Qxd6 Ne7 23. Qxc5 Rxc5 24. Nxf5+ Nxf5 25. Rd7 Ra5 26. g4 Ne3 27. Re2 Rd5 28. Rxa7 Rd1+ 29. Re1 Rfd8 30. Rxd1 Rxd1+ 31. Kf2 Nxc2 32. Rc7 Na1 33. Ne5 Rd2+ 34. Kf3 Rxb2 35. Rxf7+ Kg8 36. Ra7 b3 37. axb3 Rxb3+ 38. Ke4 Nc2 39. Nxg6 Re3+ 40. Kd5 Rxh3 41. Ke6 Rb3 42. Ne7+ Kf8 43. Ra8+ Kg7 44. Nf5+ Kh7 45. Ra7+ Kh8 46. Kf7 Rb4 47. Nxh6 Kh7 48. Ng8 Rxf4+ 49. Nf6+ 1-0